[Event "DVM U12 2011"]
[Site "Arendsee (Altmark) GER"]
[Date "2011.12.27"]
[Round "1"]
[White "Surguchov, Alexander"]
[Black "Sawlin, Leonid"]
[Result "0-1"]
[Termination "normal"]
[Board "1.1"]
[WhiteElo "1602"]
[BlackElo "1874"]
[WhiteTeam "Verein f.S.u.F. Düsseldorf"]
[BlackTeam "TuS Makkabi Berlin"]
[WhiteFideId "1272035"]
[BlackFideId "4689542"]
[EventCountry "GER"]
[EventRounds "7"]
[EventType "team-swiss"]
[EventDate "2011.12.26"]

1. e4 e6 2. d4 d5 3. e5 c5 4. c3 Nc6 5. Nf3 Bd7 6. Be2 f6 7. O-O fxe5 8. Nxe5
Nxe5 9. dxe5 Qc7 10. Re1 O-O-O 11. Bf4 Be7 12. c4 d4 13. Nd2 g5 14. Bg3 Nh6 15.
Bd3 Nf7 16. Ne4 h5 17. h3 Bc6 18. Nf6 g4 19. h4 Rdf8 20. Qc2 Qd8 21. Re2 Bxf6
22. exf6 Bd7 23. Bg6 Qxf6 24. Bxf7 Qxf7 25. Bd6 Re8 26. Bxc5 e5 27. Bxa7 Qf6
28. Qb3 Bc6 29. Rae1 Rhf8 30. Bc5 Rg8 31. Qg3 e4 32. Bb6 Rg7 33. Rf1 Rf7 34.
Ree1 d3 35. b3 Re6 36. Be3 Qf5 37. Rd1 Rg6 38. Kh1 Qe6 39. Rd2 Rf5 40. Rdd1
Rgf6 41. Rd2 Rf7 42. Rdd1 Qe7 43. Kg1 Bd7 44. Bb6 Bc6 45. Be3 Qf6 46. Rd2 Qe6
47. Rdd1 Rf3 48. gxf3 Rxf3 49. Qh2 g3 50. Qg2 Qg4 51. Bg5 gxf2+ 52. Rxf2 Rg3
53. Rf8+ Kd7 54. Rd2 Rxg2+ 55. Rxg2 Qh3 56. Rf7+ Ke6 57. Re7+ Kd6 58. Rh7 e3
59. Be7+ Ke5 60. Rxh5+ Ke4 61. Rh6 d2 62. Rd6 Qf3 63. Re6+ Kd3 64. Rd6+ Kc2 65.
Bg5 Qxg2# 0-1

[Event "DVM U12 2011"]
[Site "Arendsee (Altmark) GER"]
[Date "2011.12.27"]
[Round "1"]
[White "Lagunow, Raphael"]
[Black "Berezhnoy, Alex"]
[Result "1-0"]
[Termination "normal"]
[Board "1.2"]
[WhiteElo "1801"]
[BlackElo "1472"]
[WhiteTeam "TuS Makkabi Berlin"]
[BlackTeam "Verein f.S.u.F. Düsseldorf"]
[WhiteFideId "24652644"]
[BlackFideId "12918997"]
[EventCountry "GER"]
[EventRounds "7"]
[EventType "team-swiss"]
[EventDate "2011.12.26"]

1. e4 e5 2. Nf3 Nf6 3. Nxe5 d6 4. Nf3 Nxe4 5. d4 d5 6. Bd3 Be7 7. O-O f5 8. c4
c6 9. Nc3 O-O 10. cxd5 cxd5 11. Qb3 Nxc3 12. bxc3 Nc6 13. Ba3 Bxa3 14. Qxa3 Qf6
15. Rfe1 Rd8 16. Ne5 Qd6 17. Qxd6 Rxd6 18. Bb5 a6 19. Bxc6 bxc6 20. Rab1 g6 21.
Rb6 Bd7 22. Rb7 Re8 23. Reb1 Bc8 24. Rc7 Rf6 25. f4 Rff8 26. Rb8 Be6 27. Rbb7
Rf6 28. Rg7+ Kh8 29. Rxh7+ Kg8 30. Rhg7+ Kh8 31. Nxg6+ Rxg6 32. Rxg6 Bc8 33.
Rc7 Be6 34. Rxc6 Bf7 35. Rg5 Re2 36. Rh6# 1-0

[Event "DVM U12 2011"]
[Site "Arendsee (Altmark) GER"]
[Date "2011.12.27"]
[Round "1"]
[White "Schmitz, Fabian"]
[Black "Schmidek, Emil"]
[Result "0-1"]
[Termination "normal"]
[Board "1.3"]
[WhiteElo "1287"]
[BlackElo "1792"]
[WhiteTeam "Verein f.S.u.F. Düsseldorf"]
[BlackTeam "TuS Makkabi Berlin"]
[WhiteFideId "12965006"]
[BlackFideId "12908150"]
[EventCountry "GER"]
[EventRounds "7"]
[EventType "team-swiss"]
[EventDate "2011.12.26"]

1. e4 e5 2. Nf3 Nc6 3. Bb5 a6 4. Ba4 b5 5. Bb3 Nf6 6. O-O Be7 7. d3 O-O 8. Re1
d6 9. c3 Na5 10. Bc2 c5 11. b4 cxb4 12. cxb4 Nc6 13. Bd2 Re8 14. Bc3 Bf8 15.
Nbd2 Qc7 16. Nf1 d5 17. Ng3 d4 18. Bd2 Nxb4 19. Bxb4 Bxb4 20. Re2 Be6 21. Rc1
Rac8 22. Rb1 Bc3 23. Bb3 b4 24. Rc2 a5 25. Ne2 Bxb3 26. Rxb3 a4 27. Rxb4 Bxb4
28. Rxc7 Rxc7 29. Qxa4 Bf8 30. g3 Rc5 31. g4 Rec8 32. h3 Rc2 33. Qa6 Rb8 34.
Ng3 Rbb2 35. Nxe5 Rxf2 36. Nf1 h5 37. Qa7 Nh7 38. Qxd4 Ng5 39. Qe3 Rg2+ 40. Kh1
f6 41. Nf3 Nxf3 42. Qxf3 Rgf2 43. Qd1 Bc5 44. gxh5 Bd4 45. a4 Rg2 46. Qg4 Rxg4
47. hxg4 Ra2 48. Ng3 Rxa4 49. Nf5 Bb6 50. Kg2 Ra3 51. d4 Ra4 52. d5 Rxe4 53.
Kf3 Re5 54. d6 Kf7 55. Kf4 Ba5 56. Ne7 Bd2+ 57. Kf3 Rxe7 58. dxe7 Kxe7 59. Ke4
Ke6 60. Kf3 Ke5 61. Kg3 Ke4 62. Kh3 Kf3 63. Kh4 Be1+ 64. Kh3 Bf2 65. g5 fxg5
66. Kh2 Bg3+ 67. Kh1 Bf2 68. Kh2 g4 69. h6 g5 70. h7 g3+ 71. Kh1 g2+ 0-1

[Event "DVM U12 2011"]
[Site "Arendsee (Altmark) GER"]
[Date "2011.12.27"]
[Round "1"]
[White "Hübner, Alan-Ari"]
[Black "Gula, Julian"]
[Result "1-0"]
[Termination "normal"]
[Board "1.4"]
[WhiteElo "1677"]
[BlackElo "899"]
[WhiteTeam "TuS Makkabi Berlin"]
[BlackTeam "Verein f.S.u.F. Düsseldorf"]
[WhiteFideId "12903965"]
[BlackFideId "12954799"]
[EventCountry "GER"]
[EventRounds "7"]
[EventType "team-swiss"]
[EventDate "2011.12.26"]

1. d4 d6 2. c4 c6 3. Nc3 Nd7 4. Nf3 e5 5. e4 Qc7 6. Be3 Be7 7. Bd3 Ngf6 8. h3
O-O 9. O-O a6 10. Rc1 Rb8 11. Qe2 b5 12. cxb5 axb5 13. Nxb5 Qb7 14. Nc3 Qxb2
15. Qxb2 Rxb2 16. Rb1 Rxb1 17. Rxb1 exd4 18. Bxd4 c5 19. Be3 Rd8 20. Bf4 Nh5
21. Bh2 Ndf6 22. g4 Nxg4 23. hxg4 Bxg4 24. Kg2 Be6 25. Nd5 Bxd5 26. exd5 Ra8
27. Rb6 Nf6 28. Bc4 Ne8 29. Nd2 f5 30. Bb3 Kf7 31. Nc4 Rd8 32. Na5 Rd7 33. Ba4
Rd8 34. Nb7 Rb8 35. Nxd6+ Bxd6 36. Rxb8 Bxb8 37. Bxb8 Nf6 38. Bb3 Ke7 39. a4
Kd7 40. a5 Kc8 41. Be5 Ne8 42. a6 Nc7 43. Bxc7 Kxc7 44. d6+ 1-0

[Event "DVM U12 2011"]
[Site "Arendsee (Altmark) GER"]
[Date "2011.12.27"]
[Round "1"]
[White "Poghosyan, Tigran"]
[Black "Fesenmeier, Lukas"]
[Result "1-0"]
[Termination "normal"]
[Board "2.1"]
[WhiteElo "1770"]
[BlackElo "1462"]
[WhiteTeam "Lübecker SV"]
[BlackTeam "SK Endingen"]
[WhiteFideId "12909319"]
[EventCountry "GER"]
[EventRounds "7"]
[EventType "team-swiss"]
[EventDate "2011.12.26"]

1. e4 e5 2. Nf3 Nc6 3. Bb5 a6 4. Ba4 Nf6 5. O-O Bc5 6. d3 d6 7. c3 Bd7 8. Bg5
h6 9. Bh4 O-O 10. d4 exd4 11. cxd4 Bb6 12. Re1 Re8 13. Nc3 Ba5 14. e5 dxe5 15.
dxe5 Bxc3 16. bxc3 g5 17. exf6 Rxe1+ 18. Qxe1 gxh4 19. Qd2 Qxf6 20. Qxd7 Qxc3
21. Re1 Nd4 22. Qxd4 Qxd4 23. Nxd4 b5 24. Bb3 c5 25. Nf5 Kh7 26. Bxf7 c4 27.
Re7 Rd8 28. Bh5+ Kg8 29. Nxh6+ Kf8 30. Rf7+ Ke8 31. Nf5 Rd5 32. Ng7+ Kd8 33.
Ne6+ Kc8 34. Bg4 Re5 35. f4 Re3 36. Nc5+ Kd8 37. Nb7+ Ke8 38. Nd6+ Kd8 39. Rd7#
1-0

[Event "DVM U12 2011"]
[Site "Arendsee (Altmark) GER"]
[Date "2011.12.27"]
[Round "1"]
[White "Bleyer, Kalle"]
[Black "Kololli, Martin"]
[Result "0-1"]
[Termination "normal"]
[Board "2.2"]
[WhiteElo "1350"]
[BlackElo "1690"]
[WhiteTeam "SK Endingen"]
[BlackTeam "Lübecker SV"]
[WhiteFideId "1270775"]
[BlackFideId "12936910"]
[EventCountry "GER"]
[EventRounds "7"]
[EventType "team-swiss"]
[EventDate "2011.12.26"]

1. e4 e5 2. Nf3 Nc6 3. Bb5 Nf6 4. Nc3 d6 5. h3 Be7 6. d3 a6 7. Ba4 Bd7 8. Be3
Na5 9. Bxd7+ Qxd7 10. Qd2 Nc6 11. O-O O-O 12. Ne2 d5 13. exd5 Nxd5 14. Nc3 Rad8
15. a3 Bf6 16. Ne4 Be7 17. Rad1 f5 18. Bg5 fxe4 19. dxe4 Nb6 20. Qxd7 Rxd7 21.
Rxd7 Nxd7 22. Bxe7 Nxe7 23. Rd1 Nf6 24. Nxe5 Re8 25. f3 Nc6 26. Nxc6 bxc6 27.
Kf2 Kf7 28. Ke2 Ke7 29. g4 Rd8 30. Rg1 Ke6 31. Ke3 g5 32. Rh1 Ke5 33. c3 c5 34.
b3 a5 35. a4 Rb8 36. Rb1 c6 37. c4 Rb4 38. Rb2 Nd7 39. Kd3 Kf4 40. Kc3 Ke3 41.
Rb1 Ne5 42. Rd1 Nxf3 43. Rd7 Nd4 44. Kb2 Rxb3+ 45. Kc1 Kxe4 46. Rxh7 Kd3 47.
Rd7 Kc3 48. Re7 Ra3 49. Re3+ Kb4 50. Re5 Rxh3 51. Rxg5 Kc3 52. Kb1 Rh1+ 53. Ka2
Nc2 54. Rxc5 Ra1# 0-1

[Event "DVM U12 2011"]
[Site "Arendsee (Altmark) GER"]
[Date "2011.12.27"]
[Round "1"]
[White "Altemüller, Jakob"]
[Black "Galli, Elias"]
[Result "1-0"]
[Termination "normal"]
[Board "2.3"]
[WhiteElo "1481"]
[BlackElo "1229"]
[WhiteTeam "Lübecker SV"]
[BlackTeam "SK Endingen"]
[BlackFideId "1270780"]
[EventCountry "GER"]
[EventRounds "7"]
[EventType "team-swiss"]
[EventDate "2011.12.26"]

1. e4 e5 2. Nf3 Nc6 3. Bb5 a6 4. Ba4 Nf6 5. O-O Bc5 6. d3 h6 7. Bxc6 bxc6 8.
Nxe5 Qe7 9. Nf3 O-O 10. Nc3 d5 11. e5 Nd7 12. d4 Bb6 13. Bf4 Bb7 14. Ne2 c5 15.
c3 a5 16. Ng3 Rfe8 17. Re1 Nf8 18. Nh4 Qxh4 19. Be3 Ne6 20. Nf5 Qd8 21. Qg4 Kf8
22. Nxg7 Ng5 23. h4 Bc8 24. Nf5 Bxf5 25. Qxf5 Ne6 26. Bxh6+ Ng7 27. Qg4 Re6 28.
Qxg7+ Ke8 29. Bg5 Qc8 30. Qg8+ Kd7 31. Qxf7+ Kc6 32. Re3 cxd4 33. cxd4 Bxd4 34.
Rc1+ Kb6 35. Rb3+ Ka6 36. Rxc7 Ra7 37. Rxc8 Rxf7 38. Ra8+ Ra7 39. Rxa7+ Kxa7
40. Be3 Bxe3 41. Rxe3 Kb6 42. f4 d4 43. Re4 Kc5 44. f5 Re8 45. e6 Kd5 46. Re1
d3 47. Kf2 d2 48. Rd1 Ke5 49. Rxd2 Kxf5 50. Re2 Rxe6 51. Rxe6 Kxe6 52. g4 Ke5
53. g5 Kf5 54. Ke3 Ke5 55. g6 Kf6 56. h5 Kg7 57. Kd4 Kf6 58. Kc5 Kg7 59. Kb5
Kh6 60. Kxa5 1-0

[Event "DVM U12 2011"]
[Site "Arendsee (Altmark) GER"]
[Date "2011.12.27"]
[Round "1"]
[White "Wagner, Lukas"]
[Black "Tiedemann, Fin Niklas"]
[Result "0-1"]
[Termination "normal"]
[Board "2.4"]
[WhiteElo "926"]
[BlackElo "1429"]
[WhiteTeam "SK Endingen"]
[BlackTeam "Lübecker SV"]
[BlackFideId "12936936"]
[EventCountry "GER"]
[EventRounds "7"]
[EventType "team-swiss"]
[EventDate "2011.12.26"]

1. e4 e5 2. Nf3 Nc6 3. Nc3 Nf6 4. Bc4 Nxe4 5. d3 Nxc3 6. bxc3 d5 7. Bb5 Bd6 8.
O-O O-O 9. Bxc6 bxc6 10. d4 e4 11. Ng5 h6 12. Nh3 f5 13. Nf4 g5 14. Ng6 Rf6 15.
Ne5 Bxe5 16. dxe5 Re6 17. Qh5 f4 18. Rd1 Qe8 19. Qxe8+ Rxe8 20. Bb2 Bg4 21. Re1
Bf5 22. f3 e3 23. Rac1 Rab8 24. Ba1 c5 25. Red1 c6 26. g3 Rxe5 27. g4 Bg6 28.
c4 d4 29. h3 Rb6 30. a3 Ra6 31. Bb2 Ra4 32. c3 d3 33. Kg2 e2 34. Rxd3 Bxd3 35.
Kf2 Ra6 36. Re1 Rb6 37. Bc1 Rb3 38. Kg2 Re6 39. Kf2 Rxc3 40. Bb2 Rxc4 41. Kg2
Rc2 42. Ba1 Ra2 43. Kf2 Rxa3 44. Bb2 Rb3 45. Bc1 Rb1 46. Bd2 Rxe1 47. Bxe1 a5
48. Bxa5 e1=Q+ 49. Bxe1 Rxe1 50. Kxe1 Kf7 51. Kd2 Bf1 52. Kc3 Bg2 53. Kc4 Bxf3
54. Kxc5 Bd5 55. Kd4 f3 56. Ke3 c5 57. Kd3 c4+ 58. Kd4 f2 59. Kxd5 f1=Q 60. Kd4
Ke6 61. Kc3 Kd5 62. Kb4 Qd3 63. h4 Qb3+ 64. Ka5 Kc5 65. hxg5 Qb5# 0-1

[Event "DVM U12 2011"]
[Site "Arendsee (Altmark) GER"]
[Date "2011.12.27"]
[Round "1"]
[White "Rieper, Julian"]
[Black "Gungl, Theo"]
[Result "0-1"]
[Termination "normal"]
[Board "3.1"]
[WhiteElo "1477"]
[BlackElo "1781"]
[WhiteTeam "SK Doppelbauer Kiel"]
[BlackTeam "USV TU Dresden"]
[WhiteFideId "12936960"]
[BlackFideId "24695653"]
[EventCountry "GER"]
[EventRounds "7"]
[EventType "team-swiss"]
[EventDate "2011.12.26"]

1. e4 c6 2. d4 d5 3. exd5 cxd5 4. Nf3 Bg4 5. Be3 Nf6 6. Bd3 e6 7. Nbd2 Nc6 8.
c3 Bd6 9. Qc2 Rc8 10. O-O O-O 11. Rfe1 Nb4 12. Qb1 Nxd3 13. Qxd3 Bf5 14. Qb5
Qc7 15. Rac1 a6 16. Qe2 Ng4 17. h3 Nxe3 18. Qxe3 Bf4 19. Qe2 Qb6 20. g3 Bxd2
21. Qxd2 Bxh3 22. Ne5 Bf5 23. Nd7 Qb5 24. Nxf8 Kxf8 25. Kg2 Qa5 26. b3 b5 27.
b4 Qc7 28. Re3 Qe7 29. Qb2 Qg5 30. Rce1 Qg4 31. Kf1 Qh5 32. Qa3 Ra8 33. Qa5 Qh2
34. Ke2 Bg4+ 35. Kd2 Qxf2+ 36. Kc1 g6 37. Qa3 Rc8 38. Qb2 Qf6 39. Kb1 Bf5+ 40.
Ka1 Qg5 41. Qh2 h5 42. Qh4 Qxh4 43. gxh4 Be4 44. Kb2 f5 45. Rf1 Kg7 46. a4 Rf8
47. Rf4 Kh6 48. Rg3 Kg7 49. axb5 axb5 50. Rg5 Ra8 51. Rf1 Kh6 52. Rfg1 f4 53.
Re5 Ra6 54. Rf1 f3 55. Rf2 Kg7 56. Rg5 Ra8 57. Rg1 Kf6 58. Rg5 Ke7 59. Rg1 Kd6
60. Ra1 Rxa1 61. Kxa1 Ke7 62. Kb2 Kf6 63. Kc1 Kf5 64. Kd2 Kg4 65. Ke3 Kxh4 66.
Ra2 g5 67. Rh2+ Kg4 68. Kf2 h4 69. Rh1 h3 70. Rh2 Kh4 0-1

[Event "DVM U12 2011"]
[Site "Arendsee (Altmark) GER"]
[Date "2011.12.27"]
[Round "1"]
[White "Scholz, Robert"]
[Black "Wiemann, Niklas"]
[Result "1-0"]
[Termination "normal"]
[Board "3.2"]
[WhiteElo "1776"]
[BlackElo "1355"]
[WhiteTeam "USV TU Dresden"]
[BlackTeam "SK Doppelbauer Kiel"]
[WhiteFideId "1270301"]
[EventCountry "GER"]
[EventRounds "7"]
[EventType "team-swiss"]
[EventDate "2011.12.26"]

1. e4 e6 2. d4 d5 3. exd5 exd5 4. Nf3 c5 5. c3 Nc6 6. Bd3 Bg4 7. Be3 Qb6 8. Qe2
Bxf3 9. gxf3 O-O-O 10. dxc5 Bxc5 11. Bxc5 Qxc5 12. Nd2 Nf6 13. Nb3 Qb6 14.
O-O-O Rhe8 15. Qd2 Qc7 16. Kb1 Ne5 17. Be2 Nc4 18. Qc2 Re7 19. Nd4 Rde8 20. h3
g6 21. Bf1 Nd7 22. Nb5 Qb6 23. Bxc4 a6 24. Na3 dxc4 25. Nxc4 Qc6 26. Nd6+ Qxd6
27. Rxd6 Re1+ 28. Rd1 Rxh1 29. Rxh1 Rd8 30. Rd1 1-0

[Event "DVM U12 2011"]
[Site "Arendsee (Altmark) GER"]
[Date "2011.12.27"]
[Round "1"]
[White "Karlisch, Moritz"]
[Black "Schamschurko, André"]
[Result "1/2-1/2"]
[Termination "normal"]
[Board "3.3"]
[WhiteElo "1260"]
[BlackElo "1738"]
[WhiteTeam "SK Doppelbauer Kiel"]
[BlackTeam "USV TU Dresden"]
[WhiteFideId "12964859"]
[BlackFideId "24695670"]
[EventCountry "GER"]
[EventRounds "7"]
[EventType "team-swiss"]
[EventDate "2011.12.26"]

1. e4 e6 2. d4 d5 3. Nd2 Nf6 4. e5 Nfd7 5. Bd3 c5 6. c3 f6 7. Qh5+ Ke7 8. Ndf3
Qe8 9. Qh4 Kd8 10. Ne2 Be7 11. Qg3 Qf7 12. O-O b6 13. Be3 Ba6 14. Bxa6 Nxa6 15.
Rac1 b5 16. exf6 gxf6 17. Nd2 Rg8 18. Qf3 Rc8 19. Bf4 e5 20. dxe5 fxe5 21. Bg3
Qe6 22. Rfe1 Bg5 23. Rcd1 Nf6 24. Qd3 Bxd2 25. Qxd2 Nc7 26. Nf4 Qd6 27. Nd3 Ne4
28. Qe2 Nxg3 29. hxg3 e4 30. Nf4 Re8 31. Qh5 1/2-1/2

[Event "DVM U12 2011"]
[Site "Arendsee (Altmark) GER"]
[Date "2011.12.27"]
[Round "1"]
[White "Abdurakhimov, Peter"]
[Black "Fronius, Thies"]
[Result "1-0"]
[Termination "normal"]
[Board "3.4"]
[WhiteElo "1394"]
[BlackElo "951"]
[WhiteTeam "USV TU Dresden"]
[BlackTeam "SK Doppelbauer Kiel"]
[WhiteFideId "12979694"]
[EventCountry "GER"]
[EventRounds "7"]
[EventType "team-swiss"]
[EventDate "2011.12.26"]

1. e4 e5 2. Nf3 Nc6 3. Bc4 Bc5 4. c3 Nf6 5. d4 exd4 6. cxd4 Bb4+ 7. Nc3 Nxe4 8.
O-O Nxc3 9. bxc3 Bxc3 10. Ba3 d6 11. Rc1 Ba5 12. Qa4 Bb6 13. d5 Bd7 14. dxc6
Bxc6 15. Bb5 Bxb5 16. Qxb5+ c6 17. Qd3 Bc7 18. Rfe1+ Kf8 19. Rcd1 c5 20. Bb2 f6
21. Qf5 h5 22. Ng5 Rh6 23. Ne6+ Kf7 24. Nxd8+ Rxd8 25. Qe6+ Kg6 26. Bc1 Rhh8
27. Qe4+ Kf7 28. Qe7+ Kg6 29. Qxc7 d5 30. Qxc5 b6 31. Qc2+ Kf7 32. Qf5 d4 33.
Ba3 Rhe8 34. Qxh5+ g6 35. Qh7# 1-0

[Event "DVM U12 2011"]
[Site "Arendsee (Altmark) GER"]
[Date "2011.12.27"]
[Round "1"]
[White "Böhning, Kilian"]
[Black "Buckels, Valentin"]
[Result "0-1"]
[Termination "normal"]
[Board "4.1"]
[WhiteElo "1738"]
[BlackElo "1685"]
[WhiteTeam "Hagener SV"]
[BlackTeam "SK Turm Kleve"]
[WhiteFideId "1270499"]
[BlackFideId "12942766"]
[EventCountry "GER"]
[EventRounds "7"]
[EventType "team-swiss"]
[EventDate "2011.12.26"]

1. d4 d5 2. e3 Nf6 3. Bd3 c5 4. c3 e6 5. f4 Nc6 6. Nd2 Bd6 7. Ndf3 O-O 8. Ne5
Ne4 9. Ngf3 f6 10. Nxc6 bxc6 11. Bxe4 dxe4 12. Nd2 f5 13. Nc4 Ba6 14. b3 Bxc4
15. bxc4 Qa5 16. Bd2 Qa6 17. Qe2 Rab8 18. O-O Rb2 19. Rfb1 Rfb8 20. Rd1 Rxa2
21. Rxa2 Qxa2 22. Kf2 Rb2 23. Ke1 cxd4 24. Qh5 g6 25. Qh4 dxe3 0-1

[Event "DVM U12 2011"]
[Site "Arendsee (Altmark) GER"]
[Date "2011.12.27"]
[Round "1"]
[White "Habersetzer, Marc"]
[Black "Balazs, Balint"]
[Result "0-1"]
[Termination "normal"]
[Board "4.2"]
[WhiteElo "1075"]
[BlackElo "1670"]
[WhiteTeam "SK Turm Kleve"]
[BlackTeam "Hagener SV"]
[BlackFideId "12922757"]
[EventCountry "GER"]
[EventRounds "7"]
[EventType "team-swiss"]
[EventDate "2011.12.26"]

1. d4 e6 2. Bf4 Nf6 3. Nf3 b6 4. e3 Bb7 5. Nc3 Bb4 6. Bd3 Nd5 7. Qd2 Nxf4 8.
exf4 f5 9. Be2 Qf6 10. a3 Bxc3 11. Qxc3 Nc6 12. O-O Ne7 13. Qxc7 Be4 14. c3 Nd5
15. Qd6 Qe7 16. Qxe7+ Kxe7 17. Rac1 Nxf4 18. Bd1 Bb7 19. g3 Nd5 20. c4 Nf6 21.
Nd2 Rac8 22. Re1 d6 23. Nb3 Nd7 24. f4 Be4 25. d5 exd5 26. cxd5 Rxc1 27. Nxc1
Kd8 28. Bb3 a6 29. a4 Nc5 30. Bd1 Bxd5 31. b4 Ne4 32. Nb3 Kd7 33. Nd4 g6 34.
Bb3 Bxb3 35. Nxb3 Rc8 36. b5 a5 37. Rc1 Rxc1+ 38. Nxc1 Nc3 39. Kf2 Nxa4 40. Nb3
Nc3 41. Nd4 d5 42. Nc6 Nxb5 0-1

[Event "DVM U12 2011"]
[Site "Arendsee (Altmark) GER"]
[Date "2011.12.27"]
[Round "1"]
[White "Laubrock, Paul"]
[Black "Verfürth, Kevin"]
[Result "1-0"]
[Termination "normal"]
[Board "4.3"]
[WhiteElo "1676"]
[BlackElo "1086"]
[WhiteTeam "Hagener SV"]
[BlackTeam "SK Turm Kleve"]
[WhiteFideId "1270509"]
[BlackFideId "12954829"]
[EventCountry "GER"]
[EventRounds "7"]
[EventType "team-swiss"]
[EventDate "2011.12.26"]

1. e4 c5 2. Nf3 Nc6 3. d4 cxd4 4. Nxd4 d6 5. Nc3 Nf6 6. Be3 g6 7. Qd2 Bg7 8. f3
Bd7 9. O-O-O O-O 10. Bh6 Nxd4 11. Bxg7 Nxf3 12. gxf3 Kxg7 13. f4 Bc6 14. Bg2
Ng4 15. h3 Nf6 16. Rhf1 Qd7 17. e5 Ne8 18. f5 Rd8 19. Qg5 f6 20. exf6+ exf6 21.
Qg4 Bxg2 22. Qxg2 Rc8 23. fxg6 hxg6 24. Rg1 g5 25. h4 Rc5 26. Ne4 Ra5 27. hxg5
Kf7 28. gxf6 Nxf6 29. Qg7+ Ke8 30. Nxf6+ Rxf6 31. Qxf6 Qh3 32. Rg8+ 1-0

[Event "DVM U12 2011"]
[Site "Arendsee (Altmark) GER"]
[Date "2011.12.27"]
[Round "1"]
[White "Pysmennyy, Illya"]
[Black "Riehle, Marco"]
[Result "0-1"]
[Termination "normal"]
[Board "5.1"]
[WhiteElo "1368"]
[BlackElo "1759"]
[WhiteTeam "PSC Hannover"]
[BlackTeam "SF Sasbach"]
[BlackFideId "12904392"]
[EventCountry "GER"]
[EventRounds "7"]
[EventType "team-swiss"]
[EventDate "2011.12.26"]

1. e4 e5 2. Nf3 Nc6 3. Bc4 Bc5 4. d3 Nf6 5. Nc3 d6 6. h3 Be6 7. Nd5 Ne7 8.
Nxf6+ gxf6 9. Nd2 Qd7 10. c3 O-O-O 11. Bxe6 fxe6 12. b4 Bb6 13. Nc4 Rhg8 14. g3
d5 15. Nxb6+ axb6 16. Bb2 f5 17. exf5 Nxf5 18. Qe2 e4 19. O-O-O Nd6 20. Rhe1
Rge8 21. dxe4 Nxe4 22. Qc2 Qc6 23. Kb1 Rf8 24. Re2 Rf3 25. Rd3 Rdf8 26. Rxf3
Rxf3 27. a4 Nxc3+ 28. Bxc3 Rxc3 29. Qxh7 Rc1+ 30. Kb2 Qc3+ 31. Ka2 Ra1# 0-1

[Event "DVM U12 2011"]
[Site "Arendsee (Altmark) GER"]
[Date "2011.12.27"]
[Round "1"]
[White "Ehmann, Thilo"]
[Black "Gisy, Gianna"]
[Result "1-0"]
[Termination "normal"]
[Board "5.2"]
[WhiteElo "1860"]
[BlackElo "1329"]
[WhiteTeam "SF Sasbach"]
[BlackTeam "PSC Hannover"]
[WhiteFideId "12940968"]
[EventCountry "GER"]
[EventRounds "7"]
[EventType "team-swiss"]
[EventDate "2011.12.26"]

1. e4 e5 2. Nf3 Nc6 3. Bc4 Nf6 4. d4 Nxe4 5. dxe5 Bc5 6. Qd5 Qe7 7. Qxe4 O-O 8.
O-O d6 9. Ng5 g6 10. Qh4 h5 11. exd6 Bxd6 12. Qe4 Qf6 13. Qf3 Qxf3 14. Nxf3 Bf5
15. Bh6 Rfe8 16. Nc3 Kh7 17. Bd2 Kg7 18. Bd3 Bxd3 19. cxd3 Rad8 20. Nb5 a6 21.
Nxd6 Rxd6 22. d4 Kg8 23. Rfe1 Red8 24. Bf4 R6d7 25. Bg5 Rc8 26. Re4 Rd5 27.
Rae1 Kg7 28. h4 1-0

[Event "DVM U12 2011"]
[Site "Arendsee (Altmark) GER"]
[Date "2011.12.27"]
[Round "1"]
[White "Gisy, Gemma"]
[Black "Martin, Julian"]
[Result "0-1"]
[Termination "normal"]
[Board "5.3"]
[WhiteElo "1062"]
[BlackElo "1576"]
[WhiteTeam "PSC Hannover"]
[BlackTeam "SF Sasbach"]
[BlackFideId "12941000"]
[EventCountry "GER"]
[EventRounds "7"]
[EventType "team-swiss"]
[EventDate "2011.12.26"]

1. e4 e5 2. Nf3 Nc6 3. Nc3 Nf6 4. Bb5 d6 5. O-O Bg4 6. Nd5 Nxe4 7. d3 Nf6 8. c4
h6 9. b3 Be7 10. Bb2 O-O 11. Re1 a6 12. Bxc6 bxc6 13. Nxe7+ Qxe7 14. Qe2 c5 15.
Qe3 Nh5 16. Qe4 f5 17. Qd5+ Kh8 18. h3 Nf4 19. Qc6 Bh5 20. Re3 Ra7 21. Kf1 Be8
0-1

[Event "DVM U12 2011"]
[Site "Arendsee (Altmark) GER"]
[Date "2011.12.27"]
[Round "1"]
[White "Toptschiev, David"]
[Black "Phunhon Lopez, Daniel Alejandro"]
[Result "0-1"]
[Termination "normal"]
[Board "5.4"]
[WhiteElo "1215"]
[BlackElo "1083"]
[WhiteTeam "SF Sasbach"]
[BlackTeam "PSC Hannover"]
[WhiteFideId "12968005"]
[BlackFideId "12952567"]
[EventCountry "GER"]
[EventRounds "7"]
[EventType "team-swiss"]
[EventDate "2011.12.26"]

1. e4 c5 2. Nf3 d6 3. d4 cxd4 4. Nxd4 Nf6 5. Nc3 g6 6. f3 Bg7 7. Be3 O-O 8. Qd2
Re8 9. Bc4 a6 10. g4 b5 11. Bd3 Bb7 12. h4 Nc6 13. O-O-O b4 14. Nce2 Qa5 15.
Kb1 d5 16. Nxc6 Bxc6 17. e5 Nd7 18. f4 d4 19. Rhg1 dxe3 20. Qxe3 Bd5 21. c4
bxc3 22. Nxc3 Reb8 23. Nxd5 Qxd5 24. Bxg6 Qb5 25. Bxf7+ Kxf7 26. Rg2 Rb6 27.
Qd3 Qxd3+ 28. Rxd3 Nc5 29. Rc3 Ne6 30. f5 Nf4 31. Rf2 Bxe5 32. Rb3 Rxb3 33.
axb3 Nd3 34. Re2 Bxb2 35. Rd2 Rd8 36. g5 Bc3 37. Rd1 Be1 38. h5 Bh4 39. g6+
hxg6 40. fxg6+ Kg7 41. Rh1 Bg5 42. Rd1 e5 43. b4 Nxb4 44. Rf1 Rf8 45. Re1 Nd3
46. Rg1 Bf4 47. Rd1 Rb8+ 48. Kc2 e4 49. Ra1 Rc8+ 50. Kb3 e3 51. Ra2 Nc1+ 52.
Kb2 Nxa2 53. Kxa2 e2 54. Kb3 e1=Q 55. Kb2 Qc3+ 56. Kb1 Qc2+ 57. Ka1 Be5# 0-1

[Event "DVM U12 2011"]
[Site "Arendsee (Altmark) GER"]
[Date "2011.12.27"]
[Round "1"]
[White "Dürr, Florian"]
[Black "Kania, Markus"]
[Result "1-0"]
[Termination "normal"]
[Board "6.1"]
[WhiteElo "1853"]
[BlackElo "1646"]
[WhiteTeam "SC Erlangen"]
[BlackTeam "MTV 1876 Saalfeld"]
[WhiteFideId "24659134"]
[BlackFideId "12903736"]
[EventCountry "GER"]
[EventRounds "7"]
[EventType "team-swiss"]
[EventDate "2011.12.26"]

1. e4 c5 2. Nf3 Nc6 3. d4 cxd4 4. Nxd4 g6 5. Nc3 Bg7 6. Be3 Nf6 7. Bc4 Qa5 8.
f3 Qb4 9. Bb3 Nxe4 10. Nxc6 Bxc3+ 11. bxc3 Qxc3+ 12. Ke2 Qxb3 13. cxb3 Nc3+ 14.
Kd2 Nxd1 15. Bd4 Nf2 16. Rhf1 f6 17. Nb4 Nh3 18. gxh3 d6 19. Rfc1 Kf7 20. Nd5
Bxh3 21. Rc7 Kf8 22. Bxf6 Rg8 23. Bg5 1-0

[Event "DVM U12 2011"]
[Site "Arendsee (Altmark) GER"]
[Date "2011.12.27"]
[Round "1"]
[White "Quandt, Franz Edmund"]
[Black "Tong, Kevin"]
[Result "0-1"]
[Termination "normal"]
[Board "6.2"]
[WhiteElo "1095"]
[BlackElo "1512"]
[WhiteTeam "MTV 1876 Saalfeld"]
[BlackTeam "SC Erlangen"]
[BlackFideId "12913944"]
[EventCountry "GER"]
[EventRounds "7"]
[EventType "team-swiss"]
[EventDate "2011.12.26"]

1. d4 Nf6 2. e3 c5 3. c3 e6 4. f4 d5 5. Nf3 Nc6 6. Bd3 Bd6 7. O-O O-O 8. Ne5
Qc7 9. Nd2 a6 10. Ndf3 b5 11. Bd2 Bb7 12. a3 Rac8 13. Rc1 Qe7 14. Nxc6 Bxc6 15.
Ne5 Bb7 16. Kh1 Ne4 17. Bxe4 dxe4 18. b4 cxb4 19. axb4 Bxe5 20. fxe5 Bd5 21.
Qe2 Bc4 22. Qe1 Bxf1 23. Qxf1 f6 24. exf6 Rxf6 25. Qe2 Rcf8 26. h3 Rf2 27. Qg4
Rxd2 28. Rd1 Rxd1+ 29. Qxd1 Qf6 30. Qe2 Qf1+ 31. Qxf1 Rxf1+ 32. Kh2 Re1 33. Kg3
Rxe3+ 34. Kf4 Rxc3 35. Kxe4 Rc4 36. Ke5 Rxb4 37. g4 a5 38. Ke4 a4 39. Kd3 a3
40. Kc3 a2 41. Kxb4 a1=Q 42. Kxb5 Qxd4 0-1